000
003200000a22001570004500
001
000352
003
MACL
040
_a
MACL
090
_c
352
_d
352
100
_a
Manna, B.
245
_a
Mass Media And Laws In India
_c
B. Manna
260
_a
Naya Prokash,
_c
1998
350
_a
180
650
_a
Law
942
_k
340
_c
Book
999
_c
49659
_d
49659